000 01109nam a22002175i 4500
001 160911
003 ES-MaACL
005 20260201131939.0
008 020930s1881 sp |||| | spa d
040 _aCCPB | B
_bspa
_cCCPB | B
100 1 _aOlavide, José Eugenio de,
_d1836-1901
_986674
245 1 0 _aDel reumatismo y de las dermatosis reumáticas
_b: lecciones dadas en el Hospital de San Juan de Dios de Madrid en el mes de mayo de 1880 /
_cpor José Eugenio Olavide.
260 _aMadrid :
_b[s.n.],
_c1881 (
_fOficina Tipográfica del Hospicio)
300 _a72 p. ;
_c22 cm.
490 1 _aBiblioteca de la Revista Especial de Oftalmología, Sifiliografía, Dermatología y Afecciones Urinarias
650 4 _aReumatismo.
_9136831
650 0 4 _aPiel-
_xEnfermedades.
_915998
830 0 _aBiblioteca de la Revista Especial de Oftalmología, Sifilografía, Dermatología y Afecciones Urinarias
_9221896
852 _aES-MaACL
_jT-687-F-4
_z-- Enc. hol., conservando la cub. original
_z-- An. ms.: ded. del autor a Manuel Saenz Diez
_z-- Enc. en un vol. facticio
999 _c160911
_d160911